| 000 | 00379 a2200157 4500 | ||
|---|---|---|---|
| 001 | 75366 | ||
| 020 | _a978-85-08-13038-2 | ||
| 040 | _cAnchieta - Colégio São Paulo | ||
| 100 | _aMorino, Eliete Canesi | ||
| 240 | 1 | 0 |
_aLet`s Play Hopscotch! _lpor |
| 245 | 1 | 0 | _aLet`s Play Hopscotch! |
| 300 | _a24 | ||
| 362 | 0 | _a2011 | |
| 650 | 4 | _aLiteratura infantil em inglês | |
| 942 | _cBK | ||
| 999 |
_c75366 _d75366 |
||